Sanat - "Paimenten joululaulu" - Statistics

Yleistilastot
  • Tätä visaa on pelattu 18 kertaa
  • Keskiarvotulos 37 / 95
Vastaustilastot
Vastaus % Oikein
jo
100%
paimenten
88%
paimenten
88%
paimenten
88%
hän
75%
nyt
75%
nyt
75%
on
75%
Tähden
75%
taivas
75%
tietä
75%
Betlehemiin
63%
kaikki
63%
kaikki
63%
kulki
63%
maa
63%
matkaten
63%
missä
63%
riemulaulut
63%
saa
63%
seura
63%
siihen
63%
soi
63%
soi
63%
toi
63%
yhtyä
63%
heidät
50%
ja
50%
Josef
50%
kun
50%
kunniaksi
50%
lasta
50%
lasta
50%
Mariaa
50%
suojaa
50%
tuudittaa
50%
aasit
38%
armo
38%
härät
38%
hartahin
38%
Jumalan
38%
Jumalan
38%
katsoo
38%
lampaatkin
38%
lapsosen
38%
laulu
38%
Paimenet
38%
soikoon
38%
suuri
38%
häntä
25%
Josefin
25%
joukko
25%
katsomaan
25%
lapsen
25%
maitoa
25%
maittavaa
25%
makeaa
25%
Marian
25%
näämme
25%
näämme
25%
näimme
25%
näin
25%
nukkuvan
25%
nukkuvan
25%
nukkuvan
25%
omenoita
25%
osana
25%
Pojan
25%
Pojan
25%
seimessänsä
25%
seimessänsä
25%
silmin
25%
suojellen
25%
taivainen
25%
enkelten
13%
juustoakin
13%
kauniimmin
13%
kedoltaan
13%
lahjan
13%
lauloi
13%
ojennan
13%
Pojalle
13%
suon
13%
taivaan
13%
tässä
13%
tässä
13%
tulleet
13%
tuon
13%
tuon
13%
vaatimattoman
13%
viiniruukun
13%
yössä
13%
Kuinka
0%
laulukin
0%
linnun
0%
Ehtoja vastaavia visoja ei löytynyt
Tulosjakauma
Jokaisen tuloksen saaneiden osuus
Persentiili vastausten määrän mukaan
Tuloshistoriasi
Et ole pelannut tätä visaa